MARC details
| 000 -CABECERA |
| campo de control de longitud fija |
01433nam a2200277 a 4500 |
| 001 - NÚMERO DE CONTROL |
| campo de control |
000000833 |
| 005 - FECHA Y HORA DE LA ÚLTIMA TRANSACCIÓN |
| campo de control |
20200929145423.0 |
| 008 - DATOS DE LONGITUD FIJA--INFORMACIÓN GENERAL |
| campo de control de longitud fija |
090527s2004 sp 000 0 spa d |
| 020 ## - NÚMERO INTERNACIONAL ESTÁNDAR DEL LIBRO |
| Número Internacional Estándar del Libro |
8474327458 |
| 020 ## - NÚMERO INTERNACIONAL ESTÁNDAR DEL LIBRO |
| Número Internacional Estándar del Libro |
9788474327458 |
| 040 ## - FUENTE DE LA CATALOGACIÓN |
| Centro catalogador/agencia de origen |
DO-SdBNP |
| Lengua de catalogación |
spa |
| Centro/agencia transcriptor |
BNPHU |
| 082 ## - NÚMERO DE LA CLASIFICACIÓN DECIMAL DEWEY |
| Número de clasificación |
384.551 |
| Número de documento/Ítem |
B982t, 2004 |
| 100 1# - ENTRADA PRINCIPAL--NOMBRE DE PERSONA |
| Nombre de persona |
Bustamante, Enrique |
| 9 (RLIN) |
2937 |
| 245 13 - MENCIÓN DE TÍTULO |
| Título |
La televisión económica : |
| Resto del título |
financiación, estrategias y mercados / |
| Mención de responsabilidad, etc. |
Enrique Bustamante. |
| 250 ## - MENCIÓN DE EDICIÓN |
| Mención de edición |
2a ed. |
| 260 ## - PUBLICACIÓN, DISTRIBUCIÓN, ETC. |
| Lugar de publicación, distribución, etc. |
Barcelona : |
| Nombre del editor, distribuidor, etc. |
Gedisa, |
| Fecha de publicación, distribución, etc. |
2004. |
| 300 ## - DESCRIPCIÓN FÍSICA |
| Extensión |
220 p. ; |
| Dimensiones |
20 cm. |
| 490 0# - MENCIÓN DE SERIE |
| Mención de serie |
Estudios de televisión |
| Designación de volumen o secuencia |
1 |
| 504 ## - NOTA DE BIBLIOGRAFÍA, ETC. |
| Nota de bibliografía, etc. |
Incluye referencias bibliográficas |
| 505 2# - NOTA DE CONTENIDO CON FORMATO |
| Nota de contenido con formato |
Prólogo a la 2a edición: y pasaron cinco años -- Introducción: una económia política de la televisión -- La televisión económica -- La televisión regulada -- La televisión desregulada -- La televisión pública -- La televisión privada -- La televisión concentrada -- La televisión programada -- La televisión producida -- La televisión publicitaria -- La televisión consumida -- La televisión local y regional -- La televisión pagada -- La televisión digital -- Epílogo: la televisión del futuro -- Bibliografía -- Notas. |
| 650 #4 - PUNTO DE ACCESO ADICIONAL DE MATERIA--TÉRMINO DE MATERIA |
| Término de materia o nombre geográfico como elemento de entrada |
Teledifusión |
| Subdivisión general |
Aspectos económicos |
| 9 (RLIN) |
2938 |
| 650 #4 - PUNTO DE ACCESO ADICIONAL DE MATERIA--TÉRMINO DE MATERIA |
| Término de materia o nombre geográfico como elemento de entrada |
Televisión por suscripción |
| 9 (RLIN) |
2939 |
| 650 #4 - PUNTO DE ACCESO ADICIONAL DE MATERIA--TÉRMINO DE MATERIA |
| Término de materia o nombre geográfico como elemento de entrada |
Televisión digital |
| 9 (RLIN) |
2940 |
| 650 #4 - PUNTO DE ACCESO ADICIONAL DE MATERIA--TÉRMINO DE MATERIA |
| Término de materia o nombre geográfico como elemento de entrada |
Televisión estatal |
| 9 (RLIN) |
2941 |
| 830 #0 - PUNTO DE ACCESO ADICIONAL DE SERIE-TÍTULO UNIFORME |
| Título uniforme |
Estudios de televisión |
| Número de parte o sección de la obra |
1 |
| 9 (RLIN) |
2942 |